=LDR 00000nam 2200000 4500 =001 NUTBA000000000006008 =005 20251106100659 =035 ##$$a 0010-111400000000487 =008 251106###########################0#ind## =040 ##$$a NBPDMAT =082 ##$$a 028.5 =090 ##$$a 028.5 $b Ayo a =245 ##$$a Ayo, kenali aku dinosaurus si raksasa purba =260 ##$$a Jakarta :$b Nobel Edumedia,$c 2008 =300 ##$$a 24 hlm. : $b ilus. ; $c 23 cm. =650 #4$$a Bacaan kanak-kanak =084 ##$$a 028.5 AYO =990 ##$$a 21416462 =990 ##$$a 21416463 =990 ##$$a 21416464 =990 ##$$a 21416465 =990 ##$$a 21416466 =990 ##$$a 21416465 =990 ##$$a 21416462 =990 ##$$a 21416463 =990 ##$$a 21416464 =990 ##$$a 21416466